000
00322nam a22001457a 4500
008
210519b ||||| |||| 00| 0 eng d
020
_a
0395359627
041
_a
eng
080
_2
3rd
_a
37
082
_a
37
100
_a
46
101
_a
EDU
245
_a
College Vocabulary Skills
_c
James F. Shepherd
942
_2
udc
_c
BK
999
_c
57499
_d
57499